00545nam a22001697a 450000500170000001000140001702000260003103500130005703700130007008200110008324501310009426000360022527000410026130000320030250000190033470000220035320100811144914.0 aENG-99766 a9788185990859c350.00 aEN-83298 bDBAD/PUB a954.02 aA musilm missionary in mediaval Kashmir :bbeing the english translation of Tobfatu'l- Abbab /ctranslated by Kashinath Pandit aNew DelhibVoice of Indiac2009 a2/18, Ansari RoadbNew Delhie110002 aIxxx, 294p. c21cm (pbk) aIncluded index aPandit, Kashinath